000 00425nam a2200157Ia 4500
008 170224s9999 xx 000 0 und d
100 _aTodd Davies
245 _aMind change: How digital technologies are leaving their mark on our brains
245 _cTodd Davies
260 _bNew Media & Society
260 _c2016
300 _a18:9
500 _a2016
650 _xCommunication Arts
650 _xMultimedia Arts
999 _c316240
_d316240